00782nam a2200229Ia 450000500170000000800410001702000150005808200170007311000370009024500580012725000190018530000530020449000170025765000390027465000460031365000370035926400330039633600270042933700330045633800280048904000350051720220317001155.0160825s2001 mx g 000 0 spa  a970625245204a636.4 bC25c2 aCentro de Estudios Agropecuarios10aCrianza de porcinoscCentro de Estudios Agropecuarios a1a. edición  a123 páginas bfotos en blanco y negro c23 cm  aAgronegocios142LEMBaCerdosxCría y desarrollo 142LEMBaCerdosxAlimentación y alimentos 142LEMBaCerdosxCuidado e higiene  aMéxicobIberoamericac2001 atextobtxt2rdacontent asin mediaciónbn2rdamedia avolumenbnc2rdacarrier aCO-BoRNBPbspaerdacCO-BoRNBP